000 01298nam a2200217Ia 4500
003 Ost
005 20260507075527.0
008 260507s9999||||xx |||||||||||||| ||und||
040 _cfsecg
041 _aara
082 _a332.673
100 _aبن سمينة، دلال
_eمؤلف
245 0 _aالإستثمارات الأجنبية المباشرة "محدداتها،آثارها وتوجهاتها" /
_c دلال بن سمينة
260 _aعمان:
_bدار الايام للنشر والتوزيع,
_c2017
300 _a208 صفحة؛
_bإيضاحات ؛
_c25 سم
504 _aببليوغرافيا ص.197
520 _aماهية الاستثمار الاجنبي المباشر -تحليل المحددات الرئيسية للاستثمارات الأجنبية المباشرة -تحليل ودراسة جدوى الاستثمارات الأجنبية المباشرة -تطور حجم الاستثمار الأجنبي المباشر وتوزيعه الجغرافي والقطاعي - الاستثمار الأجنبي المباشر في الدول النامية -أثر التطورات الحديثة في بيئة العلاقات الدولية.
653 _aالاستثمارات الاجنبية
653 _aالاقتصاد الدولي
942 _cكتاب
999 _c44802
_d44802